ART ANSWERS: PORTRAIT PAINTING (Record no. 933422)

MARC details
000 -LEADER
fixed length control field 00300nam a2200121Ia 4500
008 - FIXED-LENGTH DATA ELEMENTS--GENERAL INFORMATION
fixed length control field 231120s2015 xx 000 0 und d
041 ## - LANGUAGE CODE
Language code of text/sound track or separate title eng
082 ## - DEWEY DECIMAL CLASSIFICATION NUMBER
Classification number 757
100 ## - MAIN ENTRY--PERSONAL NAME
Personal name TRICIA REICHERT
245 ## - TITLE STATEMENT
Title ART ANSWERS: PORTRAIT PAINTING
260 ## - PUBLICATION, DISTRIBUTION, ETC.
Place of publication, distribution, etc. SEARCH PRESS
Name of publisher, distributor, etc. SEARCH PRESS
Date of publication, distribution, etc. 2015
300 ## - PHYSICAL DESCRIPTION
Extent P-224
Holdings
Withdrawn status Lost status Damaged status Not for loan Home library Current library Date acquired Cost, normal purchase price Total Checkouts Full call number Barcode Date last seen Price effective from Koha item type
        College of Fine Arts, Pune College of Fine Arts, Pune 21/11/2023 1151.00   757 FAP-BVA-266 21/11/2023 21/11/2023 Book